Najgłębsze jeziora świata - Statystyki

Ogólne statystyki
  • Ten quiz został rozwiązany 40 razy
  • Średni wynik to 4 z 22
Statystyki odpowiedzi
Koniec Jezioro M % Poprawnych
Rosja Bajkał 1642
100%
Zambia, Burundi, Demokratyczna Republika Konga,Tanzania Tanganika 1435
71%
Azerbejdżan, Rosja, Kazachstan, Turkmenistan, Iran Morze Kaspijskie 1025
50%
Malawi, Mozambik, Tanzania Niasa 706
50%
Antarktyka Wostok 1200
50%
Stany Zjednoczone Kraterowe 589
21%
Kanada Wielkie Niewolnicze 614
17%
Turcja Wan 457
8%
Argentyna, Chile Buenos Aires 586
4%
Argentyna, Chile San Martin 836
4%
Kirgistan Issyk-kul 668
4%
Demokratyczna Republika Konga, Rwanda Kiwu 480
4%
Indonezja Matana 590
4%
Indonezja Poso 450
4%
Tadżykistan Sareskie 505
4%
Indonezja Toba 529
4%
Stany Zjednoczone Chelan 489
0%
Norwegia Hornindalsvatnet 514
0%
Nowa Zelandia Hauroko 462
0%
Norwegia Salvatnet 464
0%
Stany Zjednoczone Tahoe 505
0%
Norwegia Tinnsjå 460
0%
Nie znaleziono quizów pasujących do podanych kryteriów
Rozkład punktacji
Procent ludzi z każdym wynikiem
Percentyl według liczby udzielonych odpowiedzi
Twoja historia wyników
Nie rozwiązałeś tego quizu